LEADER 02851nam 2200625 450 001 9910461143503321 005 20200520144314.0 035 $a(CKB)3710000000435696 035 $a(EBL)2065964 035 $a(SSID)ssj0001517941 035 $a(PQKBManifestationID)12565184 035 $a(PQKBTitleCode)TC0001517941 035 $a(PQKBWorkID)11506419 035 $a(PQKB)11663745 035 $a(MiAaPQ)EBC2065964 035 $a(DLC) 2015019884 035 $a(Au-PeEL)EBL2065964 035 $a(CaPaEBR)ebr11067210 035 $a(CaONFJC)MIL799407 035 $a(OCoLC)910009530 035 $a(EXLCZ)993710000000435696 100 $a20150701h20152015 uy 0 101 0 $aeng 135 $aur|n|---||||| 181 $ctxt 182 $cc 183 $acr 200 10$aToward a new maritime strategy $eAmerican naval thinking in the post-Cold War era /$fPeter D. Haynes 210 1$aAnnapolis, Maryland :$cNaval Institute Press,$d2015. 210 4$d©2015 215 $a1 online resource (305 p.) 300 $aIncludes index. 311 $a1-61251-864-8 311 $a1-61251-852-4 320 $aIncludes bibliographical references and index. 327 $aThe Cold War -- Maritime strategy for the 1990s, 1989 -- The way ahead, 1990 -- ...from the sea, 1991-92 -- Forward...from the sea, 1993-94 -- 2020 vision, 1995-96 -- Anytime, anywhere, 1996-97 -- The navy strategic planning guidance, 1998-2000 -- Sea power 21, 2000-4 -- The 3/1 strategy, 2005 -- The 1000-ship navy, 2005-6 -- A cooperative strategy, 2007 -- Conclusion. 330 $aThe book examines the evolution of American naval thinking in the post-Cold War era. It recounts the development of the U.S. Navy's key strategic documents from the fall of the Berlin Wall in 1989 to the release in 2007 of the U.S. Navy's maritime strategy, A Cooperative Strategy for 21st Century Seapower. An insightful and penetrating intellectual history, it critically analyzes the Navy's way of thinking and ideas, and recounts how they interacted with those that govern U.S. strategy to shape the course of U.S. naval strategy in the post-Cold War era.The book explains how the Navy arrived at 606 $aNaval strategy$xHistory$y20th century 606 $aNaval strategy$xHistory$y21st century 606 $aSea-power$zUnited States$xHistory 606 $aMilitary doctrine$zUnited States$xHistory 608 $aElectronic books. 615 0$aNaval strategy$xHistory 615 0$aNaval strategy$xHistory 615 0$aSea-power$xHistory. 615 0$aMilitary doctrine$xHistory. 676 $a359/.030973 700 $aHaynes$b Peter D.$0946545 801 0$bMiAaPQ 801 1$bMiAaPQ 801 2$bMiAaPQ 906 $aBOOK 912 $a9910461143503321 996 $aToward a new maritime strategy$92138462 997 $aUNINA LEADER 02362nam 22005295 450 001 9910800136803321 005 20240214044121.0 010 $a9783779958291 010 $a3779958295 035 $a(CKB)5590000000441175 035 $a600eff18-6af0-46eb-ab58-28fab0dd2d03 035 $a(ScCtBLL)c61c80af-d564-40d9-9053-ab65b9f29b38 035 $a(EXLCZ)995590000000441175 100 $a20210519d2021 ||| | 101 0 $ager 135 $auruuu---uuuuu 181 $ctxt$2rdacontent 182 $cc$2rdamedia 183 $acr$2rdacarrier 200 10$aDauerbeobachtungen der Gesellschaft $eWie Printmedien über Sozialwissenschaften berichten 205 $a1. Aufl. 210 31$aWeinheim$cBeltz Verlagsgruppe$d2021 215 $aOnline-Ressource (415 S.) 300 $aPublicationDate: 20210519 311 08$a9783779965060 311 08$a3779965062 330 $aBiographical note: Jasper W. Korte war wissenschaftlicher Mitarbeiter am Institut für Soziologie der Westfälischen Wilhelms-Universität Münster und Mitglied der Graduate School of Sociology der WWU. Seine Forschungsschwerpunkte sind Wissenschafts- und Mediensoziologie. 330 $aLong description: Sozialwissenschaften und Massenmedien beobachten kontinuierlich die Gesellschaft, sich wechselseitig und sich selbst. Während die Forschung über Wissenschaft in den Medien sich bisher auf die Naturwissenschaften konzentriert, finden sich in den ?Dauerbeobachtungen der Gesellschaft? ausführliche Analysen der (historischen) Präsenz der sozialwissenschaftlichen Disziplinen Ethnologie, Soziologie und Ökonomik, der Struktur der Berichterstattung über die Disziplinen und ihrer Protagonisten sowie der Übersetzungsprozesse zwischen sozialwissenschaftlichem Wissen und massenmedialem Diskurs. 606 $aSoziologie$2gnd 606 $aMedien$2gnd 606 $aWissen$2gnd 606 $aDiskurs$2gnd 606 $aÖffentlichkeit$2gnd 606 $aWissenschaft$2gnd 615 07$aSoziologie. 615 07$aMedien. 615 07$aWissen. 615 07$aDiskurs. 615 07$aÖffentlichkeit. 615 07$aWissenschaft. 700 $aKorte$b Jasper W$4aut$01588105 801 0$bScCtBLL 801 1$bScCtBLL 906 $aBOOK 912 $a9910800136803321 996 $aDauerbeobachtungen der Gesellschaft$93877307 997 $aUNINA